Documentación : (Registro nro. 2874)
[ vista simple ]
| 000 -CABECERA | |
|---|---|
| Campo de control | 00927nam a2200241 a 4500 |
| 005 - FECHA Y HORA DE LA ULTIMA TRANSACCION | |
| Campo de control | 20171128113021.0 |
| 008 - ELEMENTOS DE LONGITUD FIJA—INFORMACION GENERAL | |
| Campo de control | 081223s1998 ck gru 00110 spa d |
| 040 ## - FUENTE DE CATALOGACIÓN | |
| Agencia catalogadora original | CO-BoBLA |
| Agencia transcriptora | CO-BoBLA |
| Agencia Modificadora | CO-BoIAVH |
| 041 1# - IDIOMA | |
| Código de idioma para texto/pista de sonido o título separado | Español |
| Código de idioma de la versión original y/o traducciones intermedias del texto | Inglés |
| 044 ## - PAÍS DE PUBLICACIÓN | |
| País de publicación | Colombia |
| 082 04 - NUMERO DE CLASIFICACION DECIMAL DEWEY | |
| Número de clasificación | 025.490218 |
| Número del ítem | I57d |
| 110 2# - ASIENTO PRINCIPAL--NOMBRE CORPORATIVO | |
| Nombre corporativo o de jurisdicción como elemento de entrada | Instituto Colombiano de Normas Técnicas y Certificación |
| 9 (RLIN) | 7309 |
| 245 10 - MENCION DE TITULO | |
| Título | Documentación : |
| Parte restante del título | guía para el establecimiento y desarrollo de tesauros monolingües / |
| Mención de responsabilidad | Icontec |
| 250 ## - MENCION DE EDICION | |
| Mención de edición | Segunda actualización |
| 260 3# - PUBLICACION, DISTRIBUCION, ETC. (PIE DE IMPRENTA) | |
| Lugar de publicación, distribución, etc. | Bogotá : |
| Nombre del editor, distribuidor, etc. | Icontec, |
| Fecha de publicación, distribución, etc. | 1998. |
| 300 ## - DESCRIPCION FISICA | |
| Extensión | 69 páginas ; |
| Dimensiones | 30 x 21 cm. |
| 500 ## - NOTA GENERAL | |
| Nota general | ISO 2788/1986. |
| 504 ## - NOTA DE BIBLIOGRAFIA, ETC. | |
| Nota de bibliografía | Incluye referencias bibliográficas. |
| 534 ## - NOTA DE VERSION ORIGINAL | |
| Frase introductoria | Título original : |
| Título del original | Documentation. Guidelines for the establishment and development of monolingual thesauri. |
| 650 26 - ASIENTO SECUNDARIO DE MATERIA - TERMINO TEMATICO | |
| Término temático o nombre geográfico como elemento de entrada | Tesauros |
| Subdivisión general | Normas técnicas. |
| 9 (RLIN) | 87462 |
| 650 26 - ASIENTO SECUNDARIO DE MATERIA - TERMINO TEMATICO | |
| Término temático o nombre geográfico como elemento de entrada | Documentación |
| Subdivisión general | Normas técnicas. |
| 9 (RLIN) | 87463 |
| 942 ## - ELEMENTOS ADICIONALES (KOHA) | |
| Sistema de clasificación | Dewey Decimal Classification |
| Tipo de ítem | Libro |
| Withdrawn status | Lost status | Sistema de Clasificación | Damaged status | No para préstamo | Colección | Ubicación Permanente | Ubicación actual | Fecha de adquisición | Fuente de Valor | Total Checkouts | Número topográfico | Inventario / Código de Barras | Date last seen | Ejemplar | Price effective from | Tipo de material |
|---|---|---|---|---|---|---|---|---|---|---|---|---|---|---|---|---|
| Dewey Decimal Classification | General | Bogotá | Bogotá | 12/08/2002 | Varón, Andrés | LB-025.490218 I57d | 006984 | 04/12/2012 | Ej. 1 | 04/12/2012 | Libro |